| 000 | 00402nam a2200193Ia 4500 | ||
|---|---|---|---|
| 001 | 11573 | ||
| 003 | GE_BSU | ||
| 008 | 181216s||||||||xx |||||||||||||| ||und|| | ||
| 020 | _a0316854743 | ||
| 040 | _cGE_BSU | ||
| 080 | _a821.111-312.4 | ||
| 100 | _aCornwell,Patricia | ||
| 245 | _aBlow Fly | ||
| 260 | _aLondon | ||
| 260 | _bLittle,Brown | ||
| 260 | _c2003. | ||
| 653 | _aBlow Fly | ||
| 942 | _cBK | ||
| 999 |
_c44768 _d44768 |
||